[Event "European Women Championship-2011"]
[Site "?"]
[Date "2011.05.07"]
[Round "1"]
[White "Jalabadze, Natia"]
[Black "Rogule, Laura"]
[Result "0-1"]
[WhiteElo "2052"]
[BlackElo "2362"]
[PlyCount "126"]
[EventDate "2011.05.07"]
[SourceDate "2011.05.08"]

1. e4 c5 2. Nf3 e6 3. d4 cxd4 4. Nxd4 Nf6 5. Nc3 d6 6. Bc4 Be7 7. O-O O-O 8.
Bb3 Na6 9. f4 Nc5 10. Qf3 e5 11. Nf5 Bxf5 12. exf5 e4 13. Qh3 Nxb3 14. axb3 d5
15. Be3 d4 16. Rfd1 Bc5 17. Ne2 dxe3 18. Rxd8 Rfxd8 19. b4 Bb6 20. c4 Rd2 21.
c5 Rad8 22. Nc3 Bc7 23. Qxe3 R8d3 24. Qe1 e3 25. Ne2 h6 26. Nc1 Rd8 27. Ne2 Nd5
28. b5 Nb4 29. Rb1 Nd3 30. Qf1 Nf2 31. Re1 Rxb2 32. Nc3 Rd3 33. Nd1 e2 34. Rxe2
Rxd1 35. Rxb2 Rxf1+ 36. Kxf1 Nd3 37. Ra2 Nxc5 38. Rxa7 Kf8 39. g3 Ke7 40. Ke2
Kf6 41. Kf3 Kxf5 42. g4+ Ke6 43. Ra8 Kd5 44. Rf8 Bxf4 45. Rxf7 Be5 46. Rf5 Ne6
47. Ke3 b6 48. h4 Nd4 49. Rh5 Nxb5 50. g5 hxg5 51. Rxg5 Nd4 52. h5 Ne6 53. Rg6
b5 54. Kd2 b4 55. Kc2 Nd4+ 56. Kb1 Nf5 57. Kc2 Kc4 58. Rc6+ Kd5 59. Rb6 Bd6 60.
Kb3 Ng3 61. Rb5+ Bc5 62. Rb8 Nxh5 63. Rh8 Nf6 0-1

[Event "European Women Championship-2011"]
[Site "?"]
[Date "2011.05.07"]
[Round "1"]
[White "Kovanova, Baira"]
[Black "Rizhamadze, Patman"]
[Result "1-0"]
[WhiteElo "2361"]
[BlackElo "2052"]
[PlyCount "113"]
[EventDate "2011.05.07"]
[SourceDate "2011.05.08"]

1. e4 c5 2. Nf3 d6 3. Bc4 Nf6 4. Qe2 e6 5. c3 Be7 6. d4 cxd4 7. cxd4 d5 8. Bb5+
Nc6 9. e5 Nd7 10. O-O a6 11. Ba4 b5 12. Bc2 a5 13. Bd3 b4 14. Be3 Qb6 15. Nbd2
h6 16. Rac1 a4 17. Ne1 h5 18. f4 g6 19. Ndf3 b3 20. a3 Na5 21. Nd2 Ba6 22. Rc3
Bxd3 23. Nxd3 Qb5 24. Qf3 Nb6 25. f5 gxf5 26. Qg3 Nbc4 27. Nxc4 Nxc4 28. Qg7
Rf8 29. Bg5 Qb6 30. Bxe7 Qxd4+ 31. Kh1 Kxe7 32. Nf4 Ke8 33. Nxh5 Rc8 34. Nf6+
Ke7 35. Qg5 Rh8 36. Nxd5+ Kd7 37. Qe7+ Kc6 38. Qd6+ Kb7 39. Qb4+ Ka8 40. Qxa4+
Qa7 41. Rxc4 exd5 42. Rxc8+ Rxc8 43. Qxb3 Qd4 44. h3 Rc4 45. Rd1 Qc5 46. Kh2 f4
47. Qd3 f3 48. Qxf3 Re4 49. b4 Qc6 50. Qxf7 Rxe5 51. Qg8+ Kb7 52. Qg3 Qf6 53.
b5 Rg5 54. Qe3 Qd6+ 55. Kh1 Rg3 56. Rxd5 Qg6 57. Qe7+ 1-0

[Event "European Women Championship-2011"]
[Site "?"]
[Date "2011.05.07"]
[Round "1"]
[White "Edes, Zsofia"]
[Black "Purceladze, Maka"]
[Result "0-1"]
[WhiteElo "2043"]
[BlackElo "2352"]
[PlyCount "42"]
[EventDate "2011.05.07"]
[SourceDate "2011.05.08"]

1. d4 Nf6 2. c4 e6 3. Nc3 Bb4 4. Qc2 O-O 5. a3 Bxc3+ 6. Qxc3 b5 7. b3 bxc4 8.
bxc4 c5 9. e3 Ne4 10. Qc2 Qa5+ 11. Bd2 Nxd2 12. Qxd2 Nc6 13. Nf3 Rb8 14. Bd3
cxd4 15. exd4 Ba6 16. Be2 Qxd2+ 17. Kxd2 Na5 18. Kc3 Bxc4 19. Bxc4 Rfc8 20. Nd2
Nxc4 21. Nxc4 d5 0-1

[Event "European Women Championship-2011"]
[Site "?"]
[Date "2011.05.07"]
[Round "1"]
[White "Boyard, Marie"]
[Black "Mikadze, Miranda"]
[Result "0-1"]
[WhiteElo "1989"]
[BlackElo "2351"]
[PlyCount "106"]
[EventDate "2011.05.07"]
[SourceDate "2011.05.08"]

1. e4 d5 2. exd5 Qxd5 3. Nf3 Nf6 4. Be2 c5 5. Nc3 Qd8 6. d3 Nc6 7. Bf4 e6 8.
Qd2 a6 9. O-O Be7 10. Rfd1 b5 11. d4 Bb7 12. h3 cxd4 13. Nxd4 Nxd4 14. Qxd4
Qxd4 15. Rxd4 Bc5 16. Rd3 Ke7 17. Rad1 Rad8 18. Rxd8 Rxd8 19. Rxd8 Kxd8 20. Bd3
Ke7 21. Kf1 h6 22. Bc7 Ne8 23. Ba5 Nd6 24. b3 Bc6 25. Bc7 Kd7 26. Bxd6 Bxd6 27.
Be4 Be5 28. Bxc6+ Kxc6 29. Nb1 Bd4 30. Ke2 e5 31. c3 Bb6 32. f3 f5 33. Kd3 Bf2
34. Nd2 Kd5 35. c4+ Kc5 36. a3 bxc4+ 37. Nxc4 Kd5 38. Ke2 Bd4 39. Ne3+ Ke6 40.
Nc4 e4 41. g4 fxg4 42. hxg4 Kd5 43. Ne3+ Bxe3 44. Kxe3 exf3 45. Kxf3 Kd4 46.
Kf4 g6 47. b4 Kc4 48. Ke5 Kb3 49. Kf6 h5 50. gxh5 gxh5 51. Kg5 Kxa3 52. b5 axb5
53. Kxh5 b4 0-1

[Event "European Women Championship-2011"]
[Site "?"]
[Date "2011.05.07"]
[Round "1"]
[White "Zimina, Olga"]
[Black "Kobeshavidze, Lika"]
[Result "1-0"]
[WhiteElo "2346"]
[BlackElo "1988"]
[PlyCount "79"]
[EventDate "2011.05.07"]
[SourceDate "2011.05.08"]

1. e4 c6 2. d4 g6 3. h3 d5 4. Nc3 dxe4 5. Nxe4 Bg7 6. Nf3 Nf6 7. Nxf6+ exf6 8.
Bc4 O-O 9. O-O Nd7 10. Re1 Nb6 11. Bb3 Qc7 12. Bd2 a5 13. a3 Bf5 14. Nh4 Bd7
15. Qf3 Nc8 16. c4 Qb6 17. c5 Qd8 18. Rad1 Ne7 19. Bf4 Nc8 20. Qg3 Re8 21. Bc7
Rxe1+ 22. Rxe1 Qf8 23. Bc4 a4 24. Qc3 Bh6 25. Nf3 Bg7 26. Qb4 Ra7 27. Bb8 b5
28. Bxa7 Nxa7 29. Ba2 Nc8 30. d5 cxd5 31. Bxd5 Ne7 32. Ba2 f5 33. Ng5 Be8 34.
c6 Bf6 35. c7 Bxg5 36. Qxe7 Bxe7 37. c8=Q Kg7 38. Bd5 b4 39. axb4 Bxb4 40. Qxe8
1-0

[Event "European Women Championship-2011"]
[Site "?"]
[Date "2011.05.07"]
[Round "1"]
[White "Kuchava, Ana"]
[Black "Mamedjarova, Zeinab"]
[Result "0-1"]
[WhiteElo "1973"]
[BlackElo "2342"]
[PlyCount "100"]
[EventDate "2011.05.07"]
[SourceDate "2011.05.08"]

1. d4 c5 2. d5 e5 3. e4 Nf6 4. Nc3 d6 5. Nf3 a6 6. a4 Be7 7. Be2 O-O 8. O-O Bg4
9. Nd2 Bxe2 10. Qxe2 b6 11. Nc4 Ne8 12. f4 exf4 13. Bxf4 Nd7 14. Rf3 Qb8 15.
Rh3 Bf6 16. g4 Bd4+ 17. Kg2 Ne5 18. Bxe5 Bxe5 19. g5 g6 20. Nxe5 dxe5 21. Rf1
Qd8 22. Qg4 Ra7 23. Rhf3 Qd7 24. Qg3 Qd6 25. Rf6 Nxf6 26. Rxf6 Qb8 27. d6 Re8
28. Nd5 Rd7 29. Qf2 Rxd6 30. Rxf7 Qd8 31. Rf6 Rxd5 32. exd5 Qxd5+ 33. Kg3 e4
34. Qe3 Qe5+ 35. Kh3 Qxb2 36. a5 Qxc2 37. axb6 Qd3 38. Qxd3 exd3 39. Rd6 Rb8
40. Rxd3 Rxb6 41. Rd8+ Kf7 42. Rc8 Rb5 43. Rc7+ Ke6 44. Rc6+ Kd5 45. Rxa6 c4
46. Ra1 c3 47. Kg4 c2 48. Rc1 Rc5 49. Kf3 Kd4 50. Ke2 Kc3 0-1

[Event "European Women Championship-2011"]
[Site "?"]
[Date "2011.05.07"]
[Round "1"]
[White "Mamadova, Aysel"]
[Black "Szczepkowska-Horovska, Karina"]
[Result "0-1"]
[WhiteElo "1964"]
[BlackElo "2336"]
[PlyCount "124"]
[EventDate "2011.05.07"]
[SourceDate "2011.05.08"]

1. e4 e5 2. Nf3 Nc6 3. Bb5 a6 4. Ba4 Nf6 5. O-O b5 6. Bb3 Be7 7. Re1 d6 8. c3
O-O 9. h3 Nb8 10. d4 Nbd7 11. Nbd2 Bb7 12. Bc2 Re8 13. Nf1 Bf8 14. Ng3 g6 15.
Bg5 h6 16. Bd2 c5 17. d5 c4 18. Nh2 h5 19. Bg5 Qc7 20. Qd2 Bg7 21. Bh6 Bh8 22.
a4 Nc5 23. Nf3 Nh7 24. Be3 Bf6 25. Ng5 h4 26. Nf1 bxa4 27. Nxh7 Kxh7 28. Bxc5
Qxc5 29. Rxa4 Rec8 30. Nh2 Qc7 31. Ng4 Bg7 32. Ne3 Qd8 33. Nxc4 Rc5 34. Rea1 a5
35. Bd3 Bh6 36. Qc2 Kg7 37. b3 Bf4 38. Qa2 Bc8 39. b4 Rc7 40. Rxa5 Rb8 41. Ra3
g5 42. Qe2 g4 43. hxg4 Qg5 44. Ne3 Bd7 45. Ra7 Rbb7 46. Rxb7 Rxb7 47. Kh1 Rc7
48. c4 Rb7 49. b5 Kf6 50. Ra6 Ke7 51. b6 Rb8 52. Nf5+ Bxf5 53. exf5 Bd2 54. c5
Bb4 55. c6 Qc1+ 56. Kh2 Bd2 57. c7 Bf4+ 58. g3 hxg3+ 59. Kg2 Rh8 60. Qf1 Rh2+
61. Kf3 Rxf2+ 62. Qxf2 gxf2 0-1

[Event "European Women Championship-2011"]
[Site "?"]
[Date "2011.05.07"]
[Round "1"]
[White "Gvetadze, Sopio"]
[Black "Imnadze, Nato"]
[Result "1-0"]
[WhiteElo "2330"]
[BlackElo "1962"]
[PlyCount "89"]
[EventDate "2011.05.07"]
[SourceDate "2011.05.08"]

1. e4 e5 2. Nf3 Nc6 3. Bb5 Nf6 4. O-O Nxe4 5. d4 Nd6 6. Bxc6 dxc6 7. dxe5 Nf5
8. Qxd8+ Kxd8 9. Nc3 Ke8 10. Bf4 Be6 11. h3 h5 12. Rad1 Be7 13. Ng5 Rh6 14.
Nxe6 Rxe6 15. Rd3 Rd8 16. Rfd1 Rxd3 17. cxd3 g5 18. Bh2 Nd4 19. Kf1 Kf8 20. Ne4
Kg7 21. Rc1 b6 22. f3 Kg6 23. Kf2 Bf8 24. g4 hxg4 25. hxg4 Bg7 26. Rc4 c5 27.
b4 Bxe5 28. Bxe5 Rxe5 29. bxc5 Ne6 30. cxb6 axb6 31. d4 Rd5 32. Ke3 f5 33. Nc3
Rd6 34. Nb5 Rd7 35. Rc6 Kf6 36. a4 f4+ 37. Ke4 Ke7 38. Ke5 Nd8 39. Rxc7 Rxc7
40. Nxc7 Nc6+ 41. Ke4 Kd6 42. Nd5 Nb8 43. Nxb6 Kc6 44. Nc4 Na6 45. Ne5+ 1-0

[Event "European Women Championship-2011"]
[Site "?"]
[Date "2011.05.07"]
[Round "1"]
[White "Asgarova, Turan"]
[Black "Stojanovic, Andjelija"]
[Result "0-1"]
[WhiteElo "1957"]
[BlackElo "2326"]
[PlyCount "62"]
[EventDate "2011.05.07"]
[SourceDate "2011.05.08"]

1. e4 c5 2. Nf3 d6 3. d4 cxd4 4. Nxd4 Nf6 5. Nc3 Nc6 6. Be3 e5 7. Nb3 Be6 8.
Be2 Be7 9. O-O O-O 10. f3 a5 11. Nd5 Bxd5 12. exd5 Nb4 13. c4 Nh5 14. Qd2 b6
15. Nc1 Na6 16. Nd3 Nc5 17. b4 axb4 18. Nxb4 Bf6 19. Rab1 Ra3 20. Bd1 Nf4 21.
Bb3 Ng6 22. Nc6 Qa8 23. Bg5 Nxb3 24. axb3 Ra2 25. Qe3 Bxg5 26. Qxg5 Nf4 27. Kh1
Rxg2 28. Qh4 Qa2 29. Ne7+ Kh8 30. Nf5 Qe2 31. Nxd6 Rg1+ 0-1

[Event "European Women Championship-2011"]
[Site "?"]
[Date "2011.05.07"]
[Round "1"]
[White "Soyunlu, Narmin"]
[Black "Charochkina, Ana"]
[Result "0-1"]
[WhiteElo "1884"]
[BlackElo "2320"]
[PlyCount "48"]
[EventDate "2011.05.07"]
[SourceDate "2011.05.08"]

1. d4 d5 2. c4 c6 3. Nf3 Nf6 4. e3 e6 5. b3 Bd6 6. Bb2 O-O 7. Bd3 Ne4 8. O-O
Nd7 9. Qc2 f5 10. Ne5 Nxe5 11. dxe5 Bc7 12. f3 Nc5 13. Be2 Bb6 14. Ba3 f4 15.
b4 Nd7 16. c5 Bc7 17. Bd3 Bxe5 18. Nc3 Qh4 19. e4 Bd4+ 20. Kh1 Ne5 21. Rad1 Rf6
22. h3 Nxd3 23. Qxd3 e5 24. exd5 Bxh3 0-1

[Event "European Women Championship-2011"]
[Site "?"]
[Date "2011.05.07"]
[Round "1"]
[White "Mammadova, Gulnar"]
[Black "Gogishvili, Dea"]
[Result "1-0"]
[WhiteElo "2312"]
[BlackElo "1856"]
[PlyCount "81"]
[EventDate "2011.05.07"]
[SourceDate "2011.05.08"]

1. e4 c5 2. Nf3 e6 3. b3 Nc6 4. Bb2 d5 5. exd5 exd5 6. Bb5 Nf6 7. O-O Be7 8. d4
cxd4 9. Nxd4 Bd7 10. Bd3 O-O 11. Nf5 Bc5 12. Qd2 Bxf5 13. Bxf5 Qd6 14. Nc3 d4
15. Ne2 Rad8 16. Rad1 Qe5 17. Ng3 g6 18. Rfe1 Qd6 19. Qg5 Rfe8 20. Ne4 Nxe4 21.
Bxe4 Re5 22. Qc1 Rde8 23. Bf3 Nb4 24. Rxe5 Qxe5 25. a3 Nxc2 26. b4 Bb6 27. Qd2
Qe1+ 28. Rxe1 Rxe1+ 29. Qxe1 Nxe1 30. Be4 f5 31. Bxb7 Nd3 32. Ba1 Nc1 33. Kf1
Kf8 34. Ba6 Nb3 35. Bb2 Nd2+ 36. Ke2 Ne4 37. f3 Ng5 38. Bc4 h5 39. Kd3 h4 40.
h3 a5 41. Bxd4 1-0

[Event "European Women Championship-2011"]
[Site "?"]
[Date "2011.05.07"]
[Round "1"]
[White "Khomeriki, Nino"]
[Black "Kachiani-Gersinska, Ketino"]
[Result "0-1"]
[WhiteElo "1832"]
[BlackElo "2309"]
[PlyCount "134"]
[EventDate "2011.05.07"]
[SourceDate "2011.05.08"]

1. e4 e5 2. Nf3 Nc6 3. Bb5 a6 4. Ba4 Nf6 5. O-O Be7 6. Re1 b5 7. Bb3 d6 8. c3
O-O 9. h3 Nd7 10. d4 Bf6 11. Be3 Na5 12. Bc2 Nc4 13. Bc1 Re8 14. b3 Ncb6 15.
Bb2 Bb7 16. d5 Be7 17. Nbd2 f5 18. exf5 Nxd5 19. Ne4 Rb8 20. Qd2 N7f6 21. Neg5
Qd7 22. Ne6 Nb6 23. Nfg5 h6 24. Ne4 Bd5 25. Qd3 Bxe4 26. Rxe4 Nxe4 27. Qxe4 Bf6
28. Rd1 d5 29. Qe3 Qd6 30. g4 a5 31. Qg3 Qe7 32. Bc1 e4 33. Bf4 Rbc8 34. Bxc7
Bh4 35. Qh2 Na8 36. Bxa5 Qa7 37. Bb4 Bf6 38. Rxd5 Qxa2 39. Bxe4 Qxb3 40. Rd7
Nb6 41. Rb7 Nd5 42. Qd6 Qd1+ 43. Kh2 Nxc3 44. Qxd1 Nxd1 45. f4 Nc3 46. Bf3 Rc4
47. Bd6 Ne4 48. Be5 Rc2+ 49. Bg2 Nc5 50. Rc7 Bxe5 51. fxe5 Rxg2+ 52. Kxg2 Nxe6
53. fxe6 Rxe6 54. Rc5 Rb6 55. Rc3 b4 56. Rb3 Kf7 57. Kf3 Ke6 58. Ke4 Rb5 59.
Kd4 Rd5+ 60. Kc4 Rxe5 61. Kxb4 Kf6 62. Kc4 Kg5 63. Kd4 Re7 64. Rf3 Kh4 65. Kd5
Re1 66. Rf7 g5 67. Rf3 Rh1 0-1

[Event "European Women Championship-2011"]
[Site "?"]
[Date "2011.05.07"]
[Round "1"]
[White "Daulyte, Deimante"]
[Black "Choladze, Mariam"]
[Result "1-0"]
[WhiteElo "2306"]
[BlackElo "1818"]
[PlyCount "45"]
[EventDate "2011.05.07"]
[SourceDate "2011.05.08"]

1. e4 c5 2. Nf3 d6 3. d4 cxd4 4. Nxd4 Nf6 5. Nc3 a6 6. h3 e5 7. Nde2 Be7 8. g4
Nc6 9. Bg2 O-O 10. Be3 Qc7 11. g5 Nd7 12. Nd5 Qd8 13. Qd2 Nc5 14. O-O-O Be6 15.
Nxe7+ Nxe7 16. Qxd6 Nd7 17. Nc3 Nc8 18. Qb4 b5 19. Nd5 Na7 20. Nb6 Rb8 21. Nxd7
Bxd7 22. Bxa7 Qxg5+ 23. Qd2 1-0

[Event "European Women Championship-2011"]
[Site "?"]
[Date "2011.05.07"]
[Round "1"]
[White "Ghukasyan, Siranush"]
[Black "Manakova, Maria"]
[Result "0-1"]
[WhiteElo "1766"]
[BlackElo "2303"]
[PlyCount "54"]
[EventDate "2011.05.07"]
[SourceDate "2011.05.08"]

1. e4 c5 2. Nf3 e6 3. c3 d5 4. e5 d4 5. Bd3 Bd7 6. O-O Bc6 7. Qe2 Ne7 8. Be4
Ng6 9. cxd4 cxd4 10. d3 Be7 11. Nbd2 Qc7 12. Re1 Bxe4 13. Qxe4 Nc6 14. Nb3 Rd8
15. Bd2 Qb6 16. Rac1 Rd5 17. Qg4 O-O 18. Qg3 Qa6 19. Rc4 Rfd8 20. a4 Qb6 21.
Na1 Qxb2 22. Nc2 Qb3 23. Ng5 Ncxe5 24. Na1 Qxd3 25. Qxd3 Nxd3 26. Rb1 Bxg5 27.
Bxg5 Rxg5 0-1

[Event "European Women Championship-2011"]
[Site "?"]
[Date "2011.05.07"]
[Round "1"]
[White "Kakutia, Ada"]
[Black "Cherednichenko, Svetlana"]
[Result "0-1"]
[WhiteElo "1727"]
[BlackElo "2297"]
[PlyCount "42"]
[EventDate "2011.05.07"]
[SourceDate "2011.05.08"]

1. e4 e5 2. Nc3 Nf6 3. Nf3 Nc6 4. d4 exd4 5. Nxd4 Bb4 6. Nxc6 bxc6 7. Bd3 d6 8.
Bg5 h6 9. Bh4 Be6 10. O-O g5 11. Bg3 h5 12. h4 Ng4 13. Qf3 gxh4 14. Bf4 Rg8 15.
Kh1 Bc5 16. Nd1 h3 17. gxh3 Qh4 18. Bh2 Nf6 19. Ne3 Bxe3 20. fxe3 Bxh3 21. e5
Bg2+ 0-1

[Event "European Women Championship-2011"]
[Site "?"]
[Date "2011.05.07"]
[Round "1"]
[White "Krivec, Jana"]
[Black "Gumberidze, Nino"]
[Result "1-0"]
[WhiteElo "2296"]
[BlackElo "1664"]
[PlyCount "65"]
[EventDate "2011.05.07"]
[SourceDate "2011.05.08"]

1. e4 Nf6 2. e5 Nd5 3. c4 Nb6 4. d4 d6 5. exd6 exd6 6. Nc3 Be7 7. Bd3 Nc6 8.
Nge2 Bg4 9. f3 Bh4+ 10. Ng3 Bh5 11. Be3 Qe7 12. Kf2 O-O 13. Re1 Nb4 14. Bf1
Rad8 15. d5 Qd7 16. a3 Na6 17. b4 f5 18. Qd2 Qf7 19. Bg5 Bxg3+ 20. hxg3 Rd7 21.
Re6 h6 22. Be3 Re7 23. Rxe7 Qxe7 24. Bd3 Nd7 25. Rh1 Bg6 26. Ne2 Ne5 27. Nf4
Bh7 28. Be2 Re8 29. Bd4 b6 30. Ne6 Ng6 31. Nxg7 f4 32. Nxe8 fxg3+ 33. Kxg3 1-0

[Event "European Women Championship-2011"]
[Site "?"]
[Date "2011.05.07"]
[Round "1"]
[White "Jalaghonia, Nino"]
[Black "Nemcova, Katerina"]
[Result "0-1"]
[WhiteElo "1562"]
[BlackElo "2294"]
[PlyCount "80"]
[EventDate "2011.05.07"]
[SourceDate "2011.05.08"]

1. e4 c5 2. Nf3 Nc6 3. d4 cxd4 4. Nxd4 g6 5. Nc3 Bg7 6. Be3 Nf6 7. f3 O-O 8.
Qd2 d5 9. O-O-O Nxd4 10. Bxd4 dxe4 11. fxe4 Qa5 12. Kb1 e5 13. Be3 Be6 14. Nd5
Qa4 15. Nc3 Qc6 16. Qd6 Qxd6 17. Rxd6 Rfc8 18. Nd5 Nxd5 19. exd5 Bf5 20. Bd3 e4
21. Bb5 Be5 22. Rd7 Bxd7 23. Bxd7 Rd8 24. Ba4 Rxd5 25. Bb3 Rd7 26. g3 Kg7 27.
g4 Rad8 28. c3 b6 29. h4 Rd3 30. Re1 Bg3 31. Re2 Bxh4 32. Bc2 R3d7 33. Bd4+ Bf6
34. Bxf6+ Kxf6 35. Rxe4 h6 36. Re1 Re7 37. Rf1+ Kg5 38. Rg1 Rd2 39. Bd1 Rxd1+
40. Rxd1 Kxg4 0-1

[Event "European Women Championship-2011"]
[Site "?"]
[Date "2011.05.07"]
[Round "1"]
[White "Janjghava, Natia"]
[Black "Mumladze, Maia"]
[Result "1-0"]
[WhiteElo "2291"]
[BlackElo "1517"]
[PlyCount "53"]
[EventDate "2011.05.07"]
[SourceDate "2011.05.08"]

1. c4 f5 2. Nf3 Nf6 3. d4 g6 4. Nc3 Bg7 5. Qc2 O-O 6. e3 d6 7. d5 e5 8. dxe6
Bxe6 9. Ng5 Bd7 10. Be2 Bc6 11. Ne6 Qe7 12. Nxf8 Qxf8 13. O-O Nbd7 14. b4 b6
15. Bb2 Ne5 16. Rad1 Qf7 17. Nd5 Ne8 18. f4 Ng4 19. Bxg4 fxg4 20. Bxg7 Qxg7 21.
Qe4 Kf8 22. f5 g5 23. f6 Qf7 24. Qxg4 h6 25. Qf3 h5 26. Qf5 Bxd5 27. Qxd5 1-0

[Event "European Women Championship-2011"]
[Site "?"]
[Date "2011.05.07"]
[Round "1"]
[White "Javakhishvili, Mariam"]
[Black "Severiukina, Zoja"]
[Result "0-1"]
[WhiteElo "1491"]
[BlackElo "2291"]
[PlyCount "76"]
[EventDate "2011.05.07"]
[SourceDate "2011.05.08"]

1. e4 d6 2. d4 Nf6 3. Nc3 g6 4. f4 Bg7 5. Nf3 c6 6. Bd3 O-O 7. O-O Nbd7 8. e5
Ne8 9. Qe2 dxe5 10. fxe5 Nb6 11. Ne4 Nc7 12. c4 Bg4 13. Be3 Ne6 14. Ned2 f6 15.
exf6 exf6 16. h3 Bxf3 17. Nxf3 f5 18. c5 Nd5 19. Bc4 Kh8 20. Bxd5 Qxd5 21. Rad1
Rae8 22. Qd2 f4 23. Bf2 Rd8 24. b4 Ng5 25. Nxg5 Qxg5 26. Kh1 Qh5 27. Kh2 g5 28.
g3 g4 29. h4 Bf6 30. Qc3 Rde8 31. Rde1 Rxe1 32. Qxe1 Re8 33. Qd2 fxg3+ 34. Bxg3
Bxh4 35. Bxh4 Qxh4+ 36. Kg1 Qg3+ 37. Kh1 Re3 38. Qf2 Qh3+ 0-1

[Event "European Women Championship-2011"]
[Site "?"]
[Date "2011.05.07"]
[Round "1"]
[White "Ziaziulkina, Nastassia"]
[Black "Tedoshvili, Ana"]
[Result "1-0"]
[WhiteElo "2291"]
[BlackElo "1469"]
[PlyCount "91"]
[EventDate "2011.05.07"]
[SourceDate "2011.05.08"]

1. e4 c6 2. d4 d6 3. Nc3 g6 4. Be3 Bg7 5. Nf3 Nf6 6. h3 Nbd7 7. Qd2 a6 8. a4
Qc7 9. Bd3 c5 10. O-O O-O 11. Rfe1 b6 12. d5 Rb8 13. Qe2 Ra8 14. Nd2 Ne5 15. f4
Nxd3 16. Qxd3 Bd7 17. Nf3 c4 18. Qe2 b5 19. e5 dxe5 20. fxe5 Nh5 21. g4 Ng3 22.
Qf2 b4 23. Bb6 Qb7 24. Nd1 f5 25. g5 Ne4 26. Qd4 a5 27. Ne3 c3 28. b3 e6 29.
Rad1 Rfe8 30. Nc4 Bf8 31. d6 Ng3 32. Rd3 Bg7 33. Nxa5 Rxa5 34. Bxa5 Rb8 35. Bc7
Rc8 36. Qc4 Qa7+ 37. Kg2 Ne4 38. Rd4 Qa8 39. Kg1 Ng3 40. Kf2 Ne4+ 41. Kg1 Ng3
42. Rd3 Qa7+ 43. Qd4 Qb7 44. Bb6 Qa8 45. Qxb4 Bc6 46. Qxc3 1-0

[Event "European Women Championship-2011"]
[Site "Tbilisi"]
[Date "2011.05.08"]
[Round "2"]
[White "Kosintseva, Tatiana"]
[Black "Kovanova, Baira"]
[Result "1/2-1/2"]
[WhiteElo "2559"]
[BlackElo "2361"]
[PlyCount "54"]
[EventDate "2011.??.??"]
[TimeControl "5400"]

1. e4 e5 2. Nf3 Nc6 3. Bb5 a6 4. Ba4 Nf6 5. O-O Be7 6. d3 b5 7. Bb3 O-O 8. a4
Bb7 9. Re1 d6 10. Nbd2 Na5 11. Ba2 c5 12. c3 h6 13. Nf1 Re8 14. Ne3 Bf8 15. b4
cxb4 16. cxb4 Nc6 17. Bd2 a5 18. bxa5 b4 19. Nd5 Nxd5 20. Bxd5 Qxa5 21. Qb3 Qc7
22. Bxb4 Nxb4 23. Qxb4 Bxd5 24. exd5 Reb8 25. Qd2 Ra5 26. d4 Rxd5 27. a5 exd4
1/2-1/2

[Event "European Women Championship-2011"]
[Site "Tbilisi"]
[Date "2011.05.08"]
[Round "2"]
[White "Purtseladze, Maka"]
[Black "Dzagnidze, Nana"]
[Result "1/2-1/2"]
[WhiteElo "2352"]
[BlackElo "2557"]
[PlyCount "173"]
[EventDate "2011.??.??"]
[TimeControl "5400"]

1. d4 Nf6 2. c4 e6 3. Nc3 Bb4 4. Qc2 O-O 5. a3 Bxc3+ 6. Qxc3 d5 7. Bg5 dxc4 8.
Qxc4 b6 9. Nf3 Ba6 10. Qa4 c5 11. dxc5 bxc5 12. Rd1 Qe8 13. Qxe8 Rxe8 14. Bxf6
gxf6 15. e3 c4 16. Nd2 Rc8 17. Rc1 Nd7 18. Be2 Rab8 19. O-O Rxb2 20. Bxc4 Bb7
21. Nf3 Bxf3 22. gxf3 Ne5 23. Ba6 Nxf3+ 24. Kg2 Rxc1 25. Rxc1 Ne5 26. h3 Rb3
27. a4 Ra3 28. Bb5 a6 29. Bxa6 Rxa4 30. Be2 f5 31. Rc5 Ng6 32. Bh5 f4 33. Bxg6
hxg6 34. exf4 Rxf4 35. Ra5 Kg7 36. Rb5 Kf6 37. Ra5 e5 38. Kg3 Kf5 39. Ra3 Kg5
40. Ra5 f6 41. Rb5 Ra4 42. Rc5 Ra3+ 43. Kg2 Kf5 44. Rb5 g5 45. f3 Kg6 46. Rb6
Rd3 47. Ra6 Kf7 48. Ra7+ Ke6 49. Ra8 Rd2+ 50. Kg3 Rd7 51. Ra6+ Rd6 52. Ra8 f5
53. Re8+ Kf6 54. Rf8+ Kg6 55. Rg8+ Kh5 56. Rh8+ Rh6 57. Rd8 f4+ 58. Kg2 Ra6 59.
Rh8+ Kg6 60. h4 Ra2+ 61. Kf1 gxh4 62. Rxh4 Kf5 63. Rh8 Ke6 64. Rd8 Ra4 65. Ke2
Ra2+ 66. Kf1 Kf6 67. Rg8 Kf5 68. Re8 Kg5 69. Rh8 Ra6 70. Kg2 Rg6 71. Kf2 Rh6
72. Rg8+ Kf5 73. Re8 Rh2+ 74. Kg1 Rb2 75. Kf1 Kg5 76. Rh8 Rb4 77. Kf2 Rb7 78.
Rg8+ Kf6 79. Re8 Re7 80. Ra8 Kf5 81. Rf8+ Ke6 82. Ra8 Rd7 83. Re8+ Kd5 84. Ke2
Kd4 85. Ra8 Rb7 86. Rd8+ Kc4 87. Rc8+ 1/2-1/2

[Event "European Women Championship-2011"]
[Site "Tbilisi"]
[Date "2011.05.08"]
[Round "2"]
[White "Mikadze, Miranda"]
[Black "Lahno, Kateryna"]
[Result "0-1"]
[WhiteElo "2351"]
[BlackElo "2530"]
[PlyCount "200"]
[EventDate "2011.??.??"]
[TimeControl "5400"]

1. d4 d5 2. Nf3 Nf6 3. Bf4 c5 4. e3 Nc6 5. c3 Qb6 6. Qc1 Bf5 7. Nbd2 Rc8 8. Be2
e6 9. O-O Be7 10. dxc5 Bxc5 11. Nb3 Be7 12. Nbd4 Be4 13. Ne5 Nxe5 14. Bxe5 O-O
15. a4 a6 16. a5 Qd8 17. Qd1 Bg6 18. Nf3 Ne4 19. Nd2 Nc5 20. Nb3 Nd7 21. Bg3
Bf6 22. Ra4 Ne5 23. Bxe5 Bxe5 24. Bd3 Qd7 25. Rb4 Bd6 26. Rd4 Bxd3 27. Qxd3 Qc7
28. g3 b5 29. axb6 Qxb6 30. c4 Rxc4 31. Rxc4 dxc4 32. Qxc4 Be5 33. Ra1 Rb8 34.
Nd4 Qxb2 35. Rxa6 Bxd4 36. exd4 Qb1+ 37. Qf1 Qe4 38. Qd1 g6 39. Ra1 Rd8 40. Qa4
Kg7 41. Rd1 e5 42. Qa5 Rd5 43. Re1 Qxd4 44. Qa2 g5 45. Qc2 h6 46. Qf5 Ra5 47.
Kg2 Qd5+ 48. Kg1 Qd6 49. h4 gxh4 50. Qg4+ Qg6 51. Qxh4 Rb5 52. Qc4 Rb1 53. Kf1
Rxe1+ 54. Kxe1 h5 55. Qd5 Qf5 56. Kf1 Kg6 57. Kg2 e4 58. Qc6+ Kh7 59. Qd6 Qf3+
60. Kg1 Kg7 61. Qe5+ Kg6 62. Qe8 Qd1+ 63. Kg2 Qd5 64. Kg1 Kf5 65. Qc8+ Ke5 66.
Qh8+ Kd6 67. Qf8+ Kd7 68. Qh6 Ke7 69. Qf4 Ke6 70. Qh6+ Kd7 71. Qf4 Kc6 72. Qf6+
Kb5 73. Qb2+ Kc4 74. Qa2+ Kc5 75. Qa5+ Kd6 76. Qd8+ Ke6 77. Qc8+ Qd7 78. Qc4+
Kf5 79. Qc1 Qd6 80. Qc8+ Qe6 81. Qc7 Kg6 82. Qd8 f6 83. Kg2 h4 84. gxh4 Qg4+
85. Kf1 Qxh4 86. Qg8+ Kh6 87. Qh8+ Kg5 88. Qg8+ Kf4 89. Qb8+ Kg4 90. Qg8+ Qg5
91. Qe6+ f5 92. Ke2 Kh3 93. Qb3+ Kg2 94. Qc3 Qh5+ 95. Ke1 Qh1+ 96. Kd2 f4 97.
Qd4 Kf3 98. Qc5 Qh2 99. Kc3 Qxf2 100. Qh5+ Kg2 0-1

[Event "European Women Championship-2011"]
[Site "Tbilisi"]
[Date "2011.05.08"]
[Round "2"]
[White "Zimina, Olga"]
[Black "Danielian, Elina"]
[Result "0-1"]
[WhiteElo "2346"]
[BlackElo "2506"]
[PlyCount "102"]
[EventDate "2011.??.??"]
[TimeControl "5400"]

1. e4 e6 2. d4 d5 3. Nd2 c5 4. Ngf3 Nf6 5. exd5 exd5 6. Bb5+ Bd7 7. Qe2+ Be7 8.
O-O O-O 9. dxc5 Bxc5 10. Bxd7 Nbxd7 11. Nb3 Bb6 12. Be3 Re8 13. Bxb6 Nxb6 14.
Qd3 Nc4 15. Rab1 Rc8 16. Rfe1 Rxe1+ 17. Nxe1 Ne5 18. Qf5 Qc7 19. h3 Re8 20. c3
Ne4 21. Nd4 Qb6 22. Nec2 g6 23. Qf4 Nxc3 24. Re1 Ne4 25. Re3 Nc6 26. Rf3 Re7
27. Rb3 Qc7 28. Qh6 Nxd4 29. Nxd4 Nc5 30. Re3 Re4 31. Nf3 Ne6 32. Rd3 d4 33.
Qd2 Nf4 34. Ra3 Re2 35. Qa5 Qxa5 36. Rxa5 d3 37. Rxa7 Rxb2 38. Ra8+ Kg7 39. Rd8
Rxa2 40. Rd7 b5 41. Kh2 Kf6 42. h4 h6 43. g4 Ke6 44. Rd4 Ra4 45. Rd8 Ke7 46.
Rb8 Rb4 47. g5 hxg5 48. hxg5 Rb2 49. Rb7+ Ke6 50. Rb6+ Kd5 51. Rf6 Ke4 0-1